Представление документа в формате MARC21

Поле Инд. ПП Название Значение
Тип записи a
Библиографический уровень m
001 Контрольный номер 02373da8-9bd9-48e2-b986-3c27c70490e0
005 Дата корректировки 20170410162223.7
008 Кодируемые данные 081009
020 c Цена, тираж 45.00
040 a Служба первич. каталог. НБ ТвГУ
041 0_ a Код языка текста rus
080 a Индекс УДК 911.3(470.31)
a Индекс УДК 332.13(470.31)
084 a Индекс другой классификации/Индекс ББК У046
a Индекс другой классификации/Индекс ББК У049(235.44)
090 x Авторский знак Г 74
a Полочн. индекс У046
100 1_ a Автор Гохберг Марк Яковлевич
245 00 a Заглавие Проблемы развития и размещения производительных сил Центрального района
260 0_ a Место издания Москва
b Издательство Мысль
c Дата издания 1975
300 a Объем 236,[2] с.
b Иллюстрации/ тип воспроизводства ил., табл.
504 a Библиография Библиогр.: с. 230-237.
583 a Действие Получение впервые 221 08.10.2008
k Исполнитель действия Дар Яковлевой С.И.
650 04 a Основная рубрика Производительные силы
x Основная подрубрика Размещение
z Географическая подрубрика Центральный экономический район СССР
650 04 a Основная рубрика Экономическая география
z Географическая подрубрика СССР
650 04 a Основная рубрика Региональная экономика
653 0_ a Ключевые слова Размещение производительных сил
a Ключевые слова Производительные силы
a Ключевые слова Экономическая география СССР
a Ключевые слова Региональная экономика
a Ключевые слова Центральный экономический район СССР
700 1_ a Другие авторы Соловьев Николай Александрович
852 41 t Порядковый номер экземпляра 1
p Инвентарный номер 926202
863 t 00231137
888 a Бесплатные
901 t Тип документа m
952 p 221.2008 45.00 1 926202
c Вид литературы К рн
954 a Дата поступления на обработку 20090330
999 a Подразделение 2 Фил4